00905nam a2200229 i 4500001000300000245015600003246003100159260005100190300002000241500004500261650004300306650002300349655001700372710004300389710006400432040000800496041001300504044000800517080001000525008004200535856009800577bg10aRaport roczny Grupy PKP - 2003 = Annual report of PKP Group /coprac. Biuro Marketingu i Konsultacji Społecznej PKP S.A. ; tł. Stanisław Romański.14aAnnual report of PKP Group aWarszawa :bPolskie Koleje Państwowe,c2004. a89 s. ;c30 cm. aTekst równoległy w jęz. pol. i ang. 9aPolskie Koleje Państwoweyod 2001 r. 9aTransport kolejowy aSprawozdania2 aPolskie Koleje Państwowec(Warszawa)1 aBiuro Marketingu i Konsultacji Społecznej PKP.c(Warszawa) cBPK0 apolaeng aPOL a656.2100824s2004 pl a |000 0 pol  uhttp://koha.tu.koszalin.pl/cgi-bin/koha/opac-detail.pl?biblionumber=50825yKatalog online BPK